[Event "Shah Alam Challenger"]
[Site "Shah Alam"]
[Date "2016.01.31"]
[Round "9"]
[White "Hj Sapuan, Ngasiman"]
[Black "Wong, Kah Hing"]
[Result "0-1"]
[WhiteElo "1532"]
[BlackElo "1543"]
[PlyCount "98"]
[EventDate "2016.01.23"]
[EventType "swiss"]
[EventRounds "9"]
[EventCountry "MAS"]
[SourceTitle "EXT 2017"]
[Source "ChessBase"]
[SourceDate "2016.10.25"]
[SourceVersion "1"]
[SourceVersionDate "2016.10.25"]
[SourceQuality "1"]

1. d4 Nf6 2. c4 e5 3. dxe5 Ng4 4. Nf3 Nc6 5. Nc3 Ngxe5 6. Nxe5 Nxe5 7. e4 Bc5 8. Be2 0-0 9. 0-0 d6 10. Bf4 Ng6 11. Bg3 Kh8 12. Qc2 f5 13. exf5 Bxf5 14. Bd3 Bxd3 15. Qxd3 Ne5 16. Qe4 Re8 17. b3 c6 18. Rad1 Qf6 19. Na4 Ba3 20. Qf4 Qg6 21. Qd2 Re6 22. Bxe5 dxe5 23. Qd7 b6 24. Qb7 Rf8 25. Qxa7 e4 26. Qxb6 Bd6 27. g3 Qh5 28. Qe3 Rh6 29. h4 Rg6 30. Rxd6 Rxd6 31. Qxe4 Rdf6 32. Nb2 Re8 33. Qd4 c5 34. Qd7 Ref8 35. Nd3 R6f7 36. Qd6 Rf5 37. Nf4 Qg4 38. Ne6 R5f6 39. Re1 Re8 40. Kf1 Qh3+ 41. Kg1 Rfxe6 42. Rxe6 Qxe6 43. Qxc5 Qe1+ 44. Kg2 Qe4+ 45. Kg1 Rd8 46. Kh2 h6 47. a4 Rd1 48. f3 Qxf3 49. Qf8+ Qxf8 0-1

[Event "Shah Alam Challenger"]
[Site "Shah Alam"]
[Date "2016.01.24"]
[Round "5"]
[White "Lim, Kian Hwa"]
[Black "Wong, Kah Hing"]
[Result "0-1"]
[WhiteElo "1778"]
[BlackElo "1543"]
[PlyCount "80"]
[EventDate "2016.01.23"]
[EventType "swiss"]
[EventRounds "9"]
[EventCountry "MAS"]
[SourceTitle "EXT 2017"]
[Source "ChessBase"]
[SourceDate "2016.10.25"]
[SourceVersion "1"]
[SourceVersionDate "2016.10.25"]
[SourceQuality "1"]

1. e4 e6 2. d4 d5 3. Nc3 Nf6 4. e5 Nfd7 5. f4 c5 6. Nf3 Nc6 7. Be3 Be7 8. Be2 0-0 9. 0-0 a6 10. a3 b5 11. dxc5 Bxc5 12. Bxc5 Nxc5 13. b4 Nd7 14. Kh1 Nb6 15. Bd3 f5 16. Qe2 Nc4 17. Bxc4 bxc4 18. Rad1 Qc7 19. Qf2 Nb8 20. Nd4 Nc6 21. Na4 Bd7 22. Nc5 Nxd4 23. Rxd4 Kh8 24. Rfd1 Bc8 25. c3 Rg8 26. Qh4 Ra7 27. h3 g5 28. Qh6 Qg7 29. Qxg5 Qxg5 30. fxg5 Rxg5 31. g4 Rag7 32. gxf5 Rxf5 33. R1d2 Rg3 34. Rh4 Rxe5 35. Ne4 Rxe4 36. Rxe4 dxe4 37. Kh2 Rd3 38. Rf2 e3 39. Rf8+ Kg7 40. Rxc8 e2 0-1